000 00283nam a22001337a 4500
008 170727b xxu||||| |||| 00| 0 eng d
020 _a9780201548488
041 _aeng
080 _a004
100 _a31
101 _aSHKI
245 _aC++ PRIMER
_cLIPPMAN, S.B
942 _2udc
_cBK
999 _c22048
_d22048